[Event "Benidorm Bali op-B 20th"]
[Site "Benidorm"]
[Date "2023.12.08"]
[Round "9"]
[White "Kao, Jamison Edrich"]
[Black "Vladut, Matei"]
[Result "1/2-1/2"]
[WhiteElo "1835"]
[BlackElo "1989"]
[PlyCount "185"]
[EventDate "2023.12.01"]
[EventType "swiss"]
[EventRounds "9"]
[EventCountry "ESP"]
[SourceTitle "CB51_2023"]
[SourceDate "2023.12.20"]
[SourceVersion "1"]
[SourceVersionDate "2023.12.20"]
[SourceQuality "1"]

1. e4 g6 2. d4 Bg7 3. Be3 c5 4. Nc3 cxd4 5. Bxd4 Nf6 6. Be2 d6 7. g4 Nc6 8. Be3 Qa5 9. Bd2 Qd8 10. g5 Nd7 11. f3 h6 12. gxh6 Bxh6 13. Bxh6 Rxh6 14. Qd2 Rh7 15. 0-0-0 Qa5 16. f4 Nb6 17. Nf3 Bd7 18. Rhg1 0-0-0 19. Kb1 Na4 20. Nd5 Qxd2 21. Rxd2 Nc5 22. Bd3 Be6 23. Ng5 Rh4 24. Be2 Rxh2 25. b4 Nd7 26. Nxe6 fxe6 27. b5 exd5 28. bxc6 Nf6 29. e5 dxe5 30. fxe5 Rxe2 31. Rxe2 Ne4 32. cxb7+ Kxb7 33. Kb2 g5 34. c4 e6 35. cxd5 exd5 36. Rd1 Kc6 37. Rc2+ Kb6 38. e6 Nf6 39. Rf2 Ne4 40. Rf5 Kc6 41. Re5 Nd6 42. Rxg5 Re8 43. Rg6 Re7 44. Kc3 Nb5+ 45. Kd3 Nc7 46. Rh1 Nxe6 47. Rhh6 Kd6 48. Ke3 Ke5 49. Rh5+ Kd6 50. Kf3 Kc5 51. Re5 Nd4+ 52. Kf4 Ne2+ 53. Kf5 Nd4+ 54. Kf6 Rb7 55. Rgg5 Rd7 56. Rg3 Rd6+ 57. Kg5 Ra6 58. a3 Kc4 59. Ree3 Nb5 60. Kf5 d4 61. Rb3 Nc3 62. Rb4+ Kc5 63. Rd3 Rd6 64. Ke5 Rd5+ 65. Kf4 a5 66. Rb2 Kc4 67. Rbd2 a4 68. Kf3 Rd7 69. Kf4 Rd5 70. Kf3 Rd8 71. Kf4 Rf8+ 72. Ke5 Re8+ 73. Kf4 Nb5 74. Kf3 Rh8 75. Ke4 Rh4+ 76. Ke5 Rh5+ 77. Ke4 Nc3+ 78. Kf4 Rh4+ 79. Kg3 Re4 80. Kf3 Rh4 81. Kg3 Re4 82. Kf3 Kc5 83. Rxc3+ dxc3 84. Rc2 Kd4 85. Rxc3 Rh4 86. Rc8 Rh3+ 87. Ke2 Rxa3 88. Kd2 Ra2+ 89. Kc1 a3 90. Kb1 Rb2+ 91. Ka1 Rg2 92. Rc1 Kd3 93. Rc8 1/2-1/2

[Event "Asian Games"]
[Site "Hangzhou"]
[Date "2023.09.27"]
[Round "8"]
[White "Kao, Jamison Edrich"]
[Black "Kulpruethanon, Thanadon"]
[Result "0-1"]
[WhiteElo "1647"]
[BlackElo "2280"]
[PlyCount "74"]
[EventDate "2023.09.24"]
[EventType "swiss (rapid)"]
[EventRounds "9"]
[EventCountry "CHN"]
[SourceTitle "EXT 2024"]
[Source "ChessBase"]
[SourceDate "2023.10.10"]
[SourceVersion "1"]
[SourceVersionDate "2023.10.10"]
[SourceQuality "1"]

1. c4 e6 2. Nf3 d5 3. e3 Nf6 4. b3 c5 5. Bb2 Nc6 6. cxd5 exd5 7. Bb5 Bd6 8. 0-0 0-0 9. Bxc6 bxc6 10. Be5 Be7 11. d3 Nd7 12. Bb2 Bd6 13. Nc3 Re8 14. Rc1 Re6 15. e4 Rh6 16. g3 Nb6 17. Ne1 Qd7 18. Qf3 Qh3 19. Qh1 Bg4 20. Rc2 Re8 21. Bc1 Rhe6 22. f3 Bh5 23. Qg2 Qxg2+ 24. Kxg2 f5 25. Bd2 fxe4 26. fxe4 Bg6 27. Bf4 c4 28. Bxd6 Rxd6 29. bxc4 dxc4 30. dxc4 Nxc4 31. Re2 Bh5 32. Nf3 Rd3 33. Nd1 Bxf3+ 34. Rxf3 Rxd1 35. Rc3 Rd4 36. e5 Rxe5 37. Rf2 Ne3+ 0-1

[Event "Asian Games"]
[Site "Hangzhou"]
[Date "2023.09.25"]
[Round "3"]
[White "Setyaki, Azarya Jodi"]
[Black "Kao, Jamison Edrich"]
[Result "0-1"]
[WhiteElo "2398"]
[BlackElo "1647"]
[PlyCount "92"]
[EventDate "2023.09.24"]
[EventType "swiss (rapid)"]
[EventRounds "9"]
[EventCountry "CHN"]
[SourceTitle "EXT 2024"]
[Source "ChessBase"]
[SourceDate "2023.10.10"]
[SourceVersion "1"]
[SourceVersionDate "2023.10.10"]
[SourceQuality "1"]

1. e4 c5 2. Nf3 Nc6 3. d4 cxd4 4. Nxd4 e5 5. Nb5 d6 6. N1c3 a6 7. Na3 b5 8. Nd5 Nge7 9. c4 Nxd5 10. exd5 Nd4 11. cxb5 Bd7 12. Be3 axb5 13. Bxd4 exd4 14. Bd3 Qa5+ 15. Kf1 Be7 16. Qe2 Kd8 17. Bxb5 Bf6 18. Bxd7 Kxd7 19. Nc4 Qc5 20. Qd3 Rhb8 21. h4 Qxd5 22. Rh3 Qb5 23. Kg1 Rc8 24. b3 Rc5 25. Rf3 Re8 26. a4 Qb4 27. a5 d5 28. Nb6+ Kc6 29. Na4 Rxa5 30. Rc1+ Kb7 31. Kh2 Qd6+ 32. g3 Rc8 33. Rxc8 Kxc8 34. Qxh7 Kd7 35. Nb2 Qe6 36. b4 Rb5 37. Nd3 Qe4 38. Qf5+ Qxf5 39. Rxf5 Ke6 40. Rf4 Rb8 41. g4 Be5 42. Nxe5 Kxe5 43. Rxf7 d3 44. Rf3 Kd4 45. Rf4+ Kc3 46. Rf5 Rb5 0-1

[Event "Asia zt 3.3"]
[Site "Jakarta"]
[Date "2023.05.06"]
[Round "1"]
[White "Susilodinata, Andrean"]
[Black "Kao, Jamison Edrich"]
[Result "1-0"]
[WhiteElo "2379"]
[BlackElo "1667"]
[PlyCount "63"]
[EventDate "2023.05.06"]
[EventType "swiss"]
[EventRounds "9"]
[EventCountry "INA"]
[SourceTitle "CBM 214 Extra"]
[Source "ChessBase"]
[SourceDate "2023.07.31"]
[SourceVersion "1"]
[SourceVersionDate "2023.07.31"]
[SourceQuality "1"]

1. e4 c5 2. Nf3 Nc6 3. d4 cxd4 4. Nxd4 e5 5. Nb5 d6 6. c4 Be7 7. N1c3 f5 8. Nd5 Rb8 9. Nxe7 Kxe7 10. exf5 Bxf5 11. Bd3 Be6 12. 0-0 Nf6 13. b3 a6 14. Nc3 Rf8 15. Ne4 h6 16. Ba3 Nxe4 17. Bxe4 Rf4 18. Re1 Nd4 19. g3 Bg4 20. Qd3 Rf6 21. f4 Kd7 22. Kg2 Kc7 23. Bb2 g5 24. Bxd4 exd4 25. f5 Qd7 26. Qxd4 Rbf8 27. Qa7 Qc8 28. c5 d5 29. Bxd5 Rxf5 30. Re7+ Kd8 31. Qb6+ Kxe7 32. Qd6+ 1-0